Dark matter (Record no. 9784)
[ view plain ]
| 000 -LEADER | |
|---|---|
| fixed length control field | 00839nam a2200217Ia 4500 |
| 003 - CONTROL NUMBER IDENTIFIER | |
| control field | IN-BaIIA |
| 008 - FIXED-LENGTH DATA ELEMENTS--GENERAL INFORMATION | |
| fixed length control field | 211028s9999 xx 000 0 eng d |
| 020 ## - INTERNATIONAL STANDARD BOOK NUMBER | |
| International Standard Book Number | 2-86332-57-2 |
| 040 ## - CATALOGING SOURCE | |
| Transcribing agency | IIA Library |
| 080 ## - UNIVERSAL DECIMAL CLASSIFICATION NUMBER | |
| Universal Decimal Classification number | 524.78(082.2) |
| Item number | DAR |
| 100 ## - MAIN ENTRY--PERSONAL NAME | |
| Personal name | Audouze, J. |
| 9 (RLIN) | 11166 |
| 111 ## - MAIN ENTRY--MEETING NAME | |
| Meeting name or jurisdiction name as entry element | Recontre De Moriond on Dark Matter |
| Number of part/section/meeting | 33rd |
| Location of meeting | Les Arcs, Savoie, France |
| Date of meeting or treaty signing | 1988 |
| 9 (RLIN) | 16566 |
| 245 #0 - TITLE STATEMENT | |
| Title | Dark matter |
| Remainder of title | proceedings of XXXIIIrd recontre de moriond on dark matter, held in Les Arcs, Savoie, France, 8-15, 1988 |
| Statement of responsibility, etc. | J. Audouze and J. Tran Thanh Van |
| 260 ## - PUBLICATION, DISTRIBUTION, ETC. | |
| Place of publication, distribution, etc. | France |
| Name of publisher, distributor, etc. | Editions Frontiers |
| Date of publication, distribution, etc. | 1988 |
| 300 ## - PHYSICAL DESCRIPTION | |
| Extent | xiv, 498p. |
| 490 ## - SERIES STATEMENT | |
| Series statement | Moriond astrophysics meetings |
| 650 ## - SUBJECT ADDED ENTRY--TOPICAL TERM | |
| Topical term or geographic name entry element | Astronomy and astrophysics thesaurus |
| 650 ## - SUBJECT ADDED ENTRY--TOPICAL TERM | |
| Topical term or geographic name entry element | Dark matter |
| 9 (RLIN) | 14945 |
| 700 ## - ADDED ENTRY--PERSONAL NAME | |
| Personal name | Tran Thanh Van, J |
| 9 (RLIN) | 16042 |
| 942 ## - ADDED ENTRY ELEMENTS (KOHA) | |
| Koha item type | Books |
| Withdrawn status | Lost status | Damaged status | Not for loan | Home library | Current library | Shelving location | Date acquired | Total Checkouts | Full call number | Barcode | Date last seen | Price effective from | Koha item type |
|---|---|---|---|---|---|---|---|---|---|---|---|---|---|
| IIA Library-Bangalore | IIA Library-Bangalore | General Stacks | 524.78(082.2)/ DAR | 10694 | 05/11/2021 | Books |